00244 a2200121 450000100060000000300050000608200150001110000140002624500210004026000310006130000120009250000180010489872NUST a813.54 BRO aBrown Dan aInfernohEnglish aLondonbBantam Pressc2013 ax,461p. aGeneral Books